[Event "Medellin Flores op 20th"]
[Site "Medellin"]
[Date "2014.08.07"]
[Round "2"]
[White "Calvo Quinteiro, Jose Manuel"]
[Black "Benitez Rodriguez, Carlos"]
[Result "1-0"]
[WhiteElo "2326"]
[BlackElo "2156"]
[PlyCount "159"]
[EventDate "2014.08.06"]
[EventType "swiss"]
[EventRounds "9"]
[EventCountry "COL"]
[SourceTitle "CBM 162 Extra"]
[Source "ChessBase"]
[SourceDate "2014.10.17"]
[SourceVersion "1"]
[SourceVersionDate "2014.10.17"]
[SourceQuality "1"]

1. e4 c5 2. Nf3 e6 3. d4 cxd4 4. Nxd4 a6 5. Nc3 Qc7 6. Bd3 Nf6 7. Qe2 d6 8. 0-0 Be7 9. Kh1 Nbd7 10. Bd2 b5 11. f4 Bb7 12. b4 Qb6 13. Nb3 Rc8 14. Na5 Ba8 15. a4 d5 16. e5 Bxb4 17. Nxb5 Bxd2 18. Nd6+ Qxd6 19. exd6 Bxa5 20. Bxa6 Rc5 21. Rab1 0-0 22. c4 dxc4 23. Bxc4 Ne4 24. Bb5 Ndf6 25. Rbc1 Rxc1 26. Rxc1 Nxd6 27. Bc6 Bxc6 28. Rxc6 Nde4 29. Qa6 Bc3 30. a5 g6 31. Rc8 Rxc8 32. Qxc8+ Kg7 33. a6 Nd5 34. g3 Bd4 35. Qb7 Nd6 36. Qd7 Nc4 37. Qa4 Ndb6 38. Qb4 Ba1 39. a7 Bf6 40. Kg1 Bd4+ 41. Kf1 Nd5 42. Qb7 Ncb6 43. Ke2 Bg1 44. Kf3 h5 45. Qa6 Bd4 46. Ke4 Bf6 47. Qb7 Nc3+ 48. Kf3 Ncd5 49. h3 Bd4 50. g4 hxg4+ 51. hxg4 Be3 52. f5 gxf5 53. gxf5 Kf6 54. fxe6 fxe6 55. Ke4 Bc5 56. Qb8 Be7 57. Qh8+ Kg6 58. a8Q Nxa8 59. Qxa8 Bf6 60. Qb7 Ne7 61. Qd7 Kf7 62. Kd3 Be5 63. Kc4 Bf6 64. Qd3 Ng6 65. Kc5 Be7+ 66. Kb6 Bf6 67. Kc7 Be5+ 68. Kc6 Bf6 69. Qb3 Be7 70. Qf3+ Kg7 71. Qf2 Ne5+ 72. Kc7 Bf6 73. Qa2 Nf7 74. Qxe6 Ng5 75. Qf5 Kf7 76. Kd7 Kg7 77. Ke8 Nh7 78. Qd7+ Kh6 79. Kf7 Kg5 80. Qd3 1-0

[Event "Capablanca Memorial op-A 48th"]
[Site "Havana"]
[Date "2013.05.01"]
[Round "10"]
[White "Calvo Quinteiro, Jose Manuel"]
[Black "Girones Barrios, Yans Richard"]
[Result "0-1"]
[WhiteElo "2248"]
[BlackElo "2312"]
[PlyCount "32"]
[EventDate "2013.04.21"]
[EventType "swiss"]
[EventRounds "10"]
[EventCountry "CUB"]
[SourceTitle "CBM 154 Extra"]
[Source "ChessBase"]
[SourceDate "2013.06.25"]
[SourceVersion "2"]
[SourceVersionDate "2013.06.25"]
[SourceQuality "1"]

1. e4 e5 2. Nf3 Nc6 3. d4 exd4 4. Nxd4 Bc5 5. Nxc6 Qf6 6. Qd2 dxc6 7. Bd3 Be6 8. 0-0 Rd8 9. Qe2 Nh6 10. Nc3 Ng4 11. h3 Ne5 12. Bd2 0-0 13. Rad1 Qh4 14. Kh2 Ng4+ 15. Kg1 Qg3 16. Rfe1 Qh2+ 0-1

[Event "Capablanca Memorial op-A 48th"]
[Site "Havana"]
[Date "2013.04.28"]
[Round "7"]
[White "Catala Matienzo, Ivette"]
[Black "Calvo Quinteiro, Jose Manuel"]
[Result "0-1"]
[WhiteElo "2111"]
[BlackElo "2248"]
[PlyCount "122"]
[EventDate "2013.04.21"]
[EventType "swiss"]
[EventRounds "10"]
[EventCountry "CUB"]
[SourceTitle "CBM 154 Extra"]
[Source "ChessBase"]
[SourceDate "2013.06.25"]
[SourceVersion "2"]
[SourceVersionDate "2013.06.25"]
[SourceQuality "1"]

1. d4 Nf6 2. Nf3 e6 3. e3 c5 4. Bd3 b6 5. 0-0 Be7 6. b3 0-0 7. Bb2 d6 8. c4 Bb7 9. Nc3 a6 10. Qe2 Nbd7 11. Rad1 Qc7 12. Bb1 Rfe8 13. Rfe1 Rac8 14. e4 cxd4 15. Nxd4 Bf8 16. Qf3 Qb8 17. Qg3 g6 18. Nce2 Ba8 19. Nf4 b5 20. cxb5 axb5 21. b4 Ne5 22. h4 h5 23. Nd3 Nc4 24. Ba1 Ng4 25. Nf4 Bg7 26. Bd3 Qb6 27. Be2 Nf6 28. Nxh5 Nxh5 29. Bxh5 Be5 30. Qg5 Kg7 31. Bf3 Rh8 32. h5 Rh6 33. Ne2 Bxa1 34. Rxa1 Ne5 35. Ng3 Rc2 36. Be2 f6 37. Qh4 g5 38. Qh3 d5 39. exd5 Bxd5 40. Nf1 Qd4 41. Rad1 Qb2 42. Qe3 Rh8 43. Qa7+ Nf7 44. Rxd5 exd5 45. Ne3 Rxe2 46. Nf5+ Kg8 47. Ne7+ Kh7 48. Rf1 Qxa2 49. Qd7 Rxe7 50. Qxe7 Kg7 51. f4 gxf4 52. Rxf4 Qa1+ 53. Kf2 Qb2+ 54. Kf3 Rxh5 55. Rg4+ Rg5 56. Rxg5+ fxg5 57. Qc5 Qb3+ 58. Kf2 Qc4 59. Ke3 Qxc5+ 60. bxc5 Kf6 61. Kd4 Ke6 0-1

[Event "Capablanca Memorial op-A 48th"]
[Site "Havana"]
[Date "2013.04.23"]
[Round "3"]
[White "Alonso Bouza, Julio Javier"]
[Black "Calvo Quinteiro, Jose Manuel"]
[Result "1/2-1/2"]
[WhiteElo "2318"]
[BlackElo "2248"]
[PlyCount "64"]
[EventDate "2013.04.21"]
[EventType "swiss"]
[EventRounds "10"]
[EventCountry "CUB"]
[SourceTitle "CBM 154 Extra"]
[Source "ChessBase"]
[SourceDate "2013.06.25"]
[SourceVersion "2"]
[SourceVersionDate "2013.06.25"]
[SourceQuality "1"]

1. e4 e6 2. d4 d5 3. Nd2 c5 4. exd5 Qxd5 5. dxc5 Bxc5 6. Ngf3 Nf6 7. Bc4 Qd8 8. Qe2 Nbd7 9. Nb3 Bd6 10. Bg5 Nb6 11. Bb5+ Bd7 12. Rd1 Qc7 13. Nfd4 Be7 14. 0-0 a6 15. Bxf6 gxf6 16. Bxd7+ Nxd7 17. Rd3 Qb6 18. a4 Ne5 19. a5 Qd6 20. Rc3 f5 21. Rd1 Rd8 22. Nc5 Ng4 23. g3 Qd5 24. b4 e5 25. Rcd3 exd4 26. Re1 0-0 27. Qxe7 Rfe8 28. Qg5+ Kf8 29. Red1 Ne5 30. Qh6+ Kg8 31. Qg5+ Kf8 32. Qh6+ Kg8 1/2-1/2

[Event "CUB-ch U18"]
[Site "San Nicolas de Bari"]
[Date "2012.04.16"]
[Round "4"]
[White "Calvo Quinteiro, Jose Manuel"]
[Black "Gomez Sanchez, Jorge Marcos"]
[Result "1-0"]
[WhiteElo "2302"]
[BlackElo "2048"]
[PlyCount "71"]
[EventDate "2012.04.15"]
[EventType "swiss"]
[EventRounds "9"]
[EventCountry "CUB"]
[SourceTitle "CBM 148 Extra"]
[Source "ChessBase"]
[SourceDate "2012.06.22"]
[SourceVersion "1"]
[SourceVersionDate "2012.06.22"]
[SourceQuality "1"]

1. e4 c5 2. Nf3 Nc6 3. d4 cxd4 4. Nxd4 g6 5. Nc3 Bg7 6. Be3 Nf6 7. Nxc6 bxc6 8. e5 Nd5 9. Nxd5 cxd5 10. Qxd5 Rb8 11. 0-0-0 Qc7 12. f4 0-0 13. Qc5 Qxc5 14. Bxc5 d6 15. Bd4 Bg4 16. Re1 Rfc8 17. Kb1 Bf5 18. Bd3 Bxd3 19. cxd3 Rb4 20. Bxa7 Rc7 21. Bf2 Rxf4 22. exd6 exd6 23. Re8+ Bf8 24. Be3 Rh4 25. Bg5 Rh5 26. Bf6 Rf5 27. Bd4 Rd5 28. Be3 Kg7 29. Rc1 Rb7 30. Rcc8 Be7 31. Kc2 h5 32. Bd2 Kf6 33. Rc4 Kg7 34. a4 Rf5 35. Bc3+ Kh6 36. Rh8+ 1-0

[Event "CUB-ch U18"]
[Site "San Nicolas de Bari"]
[Date "2012.04.15"]
[Round "2"]
[White "Calvo Quinteiro, Jose Manuel"]
[Black "Piedra Salabarria, Ernesto"]
[Result "0-1"]
[WhiteElo "2302"]
[BlackElo "2055"]
[PlyCount "89"]
[EventDate "2012.04.15"]
[EventType "swiss"]
[EventRounds "9"]
[EventCountry "CUB"]
[SourceTitle "CBM 148 Extra"]
[Source "ChessBase"]
[SourceDate "2012.06.22"]
[SourceVersion "1"]
[SourceVersionDate "2012.06.22"]
[SourceQuality "1"]

1. e4 c5 2. Nf3 Nc6 3. d4 cxd4 4. Nxd4 g6 5. c4 Nf6 6. Nc3 Nxd4 7. Qxd4 d6 8. Be3 Bg7 9. Be2 0-0 10. Qd2 Be6 11. f3 Qa5 12. Rc1 Rfc8 13. b3 a6 14. Na4 Qxd2+ 15. Kxd2 Nd7 16. g4 f5 17. exf5 gxf5 18. h3 Rf8 19. Rhf1 Rab8 20. Nc3 Nf6 21. f4 b5 22. g5 b4 23. gxf6 bxc3+ 24. Kxc3 Rxf6 25. Bd4 Rg6 26. Rg1 Bd7 27. Bxg7 Kxg7 28. b4 Kf6 29. a4 Rh6 30. Rg3 Rh4 31. b5 Rxf4 32. Rb1 d5 33. b6 dxc4 34. a5 Bb5 35. Bf3 e5 36. Rd1 e4 37. Bh5 Rh4 38. Rd6+ Ke5 39. Rh6 Kf4 40. Rg7 Rxh3+ 41. Kb2 c3+ 42. Kb3 Bd3 43. Rgxh7 e3 44. Kxc3 Rxh5 45. Rxh5 0-1

[Event "CUB-ch U18"]
[Site "San Nicolas de Bari"]
[Date "2012.04.15"]
[Round "1"]
[White "Fernandez Mayola, Reynold Rafael"]
[Black "Calvo Quinteiro, Jose Manuel"]
[Result "1-0"]
[WhiteElo "2138"]
[BlackElo "2302"]
[PlyCount "75"]
[EventDate "2012.04.15"]
[EventType "swiss"]
[EventRounds "9"]
[EventCountry "CUB"]
[SourceTitle "CBM 148 Extra"]
[Source "ChessBase"]
[SourceDate "2012.06.22"]
[SourceVersion "1"]
[SourceVersionDate "2012.06.22"]
[SourceQuality "1"]

1. d4 e6 2. c4 Nf6 3. Nf3 b6 4. a3 Bb7 5. Nc3 d5 6. cxd5 Nxd5 7. e3 Be7 8. Bd3 0-0 9. 0-0 Nd7 10. e4 Nxc3 11. bxc3 c5 12. Bf4 Rc8 13. Qd2 Nf6 14. Rfe1 cxd4 15. cxd4 Qd7 16. a4 Nh5 17. Be3 Qc7 18. Rac1 Qb8 19. a5 Nf6 20. Bf4 Qa8 21. axb6 Nxe4 22. Bxe4 Bxe4 23. Ra1 a6 24. Qe2 Bb7 25. d5 Bf6 26. Be5 Bxe5 27. Nxe5 exd5 28. Nd7 Rfd8 29. Qe7 d4 30. Nc5 Rxc5 31. Qxc5 Bxg2 32. Qg5 Bb7 33. Re7 Rd6 34. Rae1 Bc6 35. b7 Qb8 36. Qe5 Kf8 37. Re8+ Bxe8 38. Qe7+ 1-0

[Event "Capablanca Memorial op-A 46th"]
[Site "Havana"]
[Date "2011.05.20"]
[Round "9"]
[White "Garrido Dominguez, Jesus"]
[Black "Calvo Quinteiro, Jose Manuel"]
[Result "1/2-1/2"]
[WhiteElo "2417"]
[BlackElo "2247"]
[PlyCount "21"]
[EventDate "2011.05.11"]
[EventType "swiss"]
[EventRounds "10"]
[EventCountry "CUB"]
[SourceTitle "CBM 142 Extra"]
[Source "ChessBase"]
[SourceDate "2011.06.27"]
[SourceVersion "1"]
[SourceVersionDate "2011.06.27"]
[SourceQuality "1"]

1. e4 e6 2. d4 d5 3. Nd2 c5 4. exd5 Qxd5 5. Ngf3 cxd4 6. Bc4 Qd6 7. 0-0 Nf6 8. Nb3 Nc6 9. Nbxd4 Nxd4 10. Qxd4 Qxd4 11. Nxd4 1/2-1/2

[Event "Capablanca Memorial op-A 46th"]
[Site "Havana"]
[Date "2011.05.13"]
[Round "3"]
[White "Prasca Sosa, Rafael Felipe"]
[Black "Calvo Quinteiro, Jose Manuel"]
[Result "1-0"]
[WhiteElo "2424"]
[BlackElo "2247"]
[PlyCount "99"]
[EventDate "2011.05.11"]
[EventType "swiss"]
[EventRounds "10"]
[EventCountry "CUB"]
[SourceTitle "CBM 142 Extra"]
[Source "ChessBase"]
[SourceDate "2011.06.27"]
[SourceVersion "1"]
[SourceVersionDate "2011.06.27"]
[SourceQuality "1"]

1. e4 e6 2. d4 d5 3. Nc3 Bb4 4. e5 c5 5. Bd2 Nc6 6. Nb5 Bxd2+ 7. Qxd2 Nxd4 8. Nxd4 cxd4 9. f4 Ne7 10. Nf3 Nc6 11. Nxd4 Nxd4 12. Qxd4 Qa5+ 13. c3 Bd7 14. a3 Qa4 15. Bd3 Bb5 16. b3 Qa6 17. Bc2 0-0 18. Kd2 Rac8 19. Rhe1 Bd7 20. Re3 Qb6 21. Rh3 Qxd4+ 22. cxd4 h6 23. Rf1 f6 24. exf6 Rxf6 25. Rc3 Rxc3 26. Kxc3 g5 27. g3 Kf8 28. Kd2 Ke7 29. Ke3 Kd6 30. Bd3 Rf8 31. fxg5 Rxf1 32. Bxf1 hxg5 33. h4 gxh4 34. gxh4 e5 35. h5 e4 36. h6 Bf5 37. Kf4 Bh7 38. Bh3 b6 39. Bg4 a6 40. Bh3 a5 41. Bg4 Ke7 42. Ke5 Bg8 43. b4 axb4 44. axb4 e3 45. Be2 Kf8 46. Kf4 Kf7 47. Kxe3 Kf6 48. Kf4 Bh7 49. Bf3 Bg8 50. Bg2 1-0

[Event "Maria Teresa Mora Memorial IM2"]
[Site "Havana"]
[Date "2010.03.13"]
[Round "9"]
[White "Calvo Quinteiro, Jose Manuel"]
[Black "Ragolta Franco, Eduardo"]
[Result "1/2-1/2"]
[WhiteElo "2160"]
[BlackElo "2175"]
[PlyCount "41"]
[EventDate "2010.03.05"]
[EventType "tourn"]
[EventRounds "13"]
[EventCountry "CUB"]
[SourceTitle "EXT 2019"]
[Source "ChessBase"]
[SourceDate "2018.10.10"]
[SourceVersion "1"]
[SourceVersionDate "2018.10.10"]
[SourceQuality "1"]

1. c4 c5 2. Nf3 Nc6 3. Nc3 e5 4. e4 d6 5. d3 g6 6. g3 Bg7 7. Bg2 Nge7 8. 0-0 0-0 9. b3 h6 10. Be3 Be6 11. Qd2 Kh7 12. Nd5 Nd4 13. Nxe7 Qxe7 14. Bxd4 cxd4 15. b4 Qd7 16. Kh1 Rac8 17. Rfc1 b6 18. a4 f5 19. Nh4 f4 20. g4 g5 21. Nf5 1/2-1/2

[Event "Maria Teresa Mora Memorial IM2"]
[Site "Havana"]
[Date "2010.03.12"]
[Round "8"]
[White "Alvarez Morales, Dayana Giselle"]
[Black "Calvo Quinteiro, Jose Manuel"]
[Result "0-1"]
[WhiteElo "2025"]
[BlackElo "2160"]
[PlyCount "50"]
[EventDate "2010.03.05"]
[EventType "tourn"]
[EventRounds "13"]
[EventCountry "CUB"]
[SourceTitle "EXT 2019"]
[Source "ChessBase"]
[SourceDate "2018.10.10"]
[SourceVersion "1"]
[SourceVersionDate "2018.10.10"]
[SourceQuality "1"]

1. e4 e6 2. b3 d5 3. Bb2 Nf6 4. exd5 exd5 5. Nf3 Bd6 6. Be2 0-0 7. 0-0 Bg4 8. d4 Re8 9. Nbd2 Nbd7 10. h3 Bf5 11. Nh4 Bxc2 12. Qxc2 Rxe2 13. Qd3 Rxd2 14. Qxd2 Ne4 15. Qa5 Qxh4 16. Ba3 Bxa3 17. Qxa3 Qf6 18. Rac1 c6 19. Qb4 Nd6 20. Rfe1 Nf8 21. Re5 a5 22. Qd2 Ne4 23. Qe3 Nd7 24. f3 Nxe5 25. dxe5 Qg5 0-1

[Event "Maria Teresa Mora Memorial IM2"]
[Site "Havana"]
[Date "2010.03.09"]
[Round "5"]
[White "Calvo Quinteiro, Jose Manuel"]
[Black "Martin Rosabal, Niuris"]
[Result "1-0"]
[WhiteElo "2160"]
[BlackElo "2010"]
[PlyCount "55"]
[EventDate "2010.03.05"]
[EventType "tourn"]
[EventRounds "13"]
[EventCountry "CUB"]
[SourceTitle "EXT 2019"]
[Source "ChessBase"]
[SourceDate "2018.10.10"]
[SourceVersion "1"]
[SourceVersionDate "2018.10.10"]
[SourceQuality "1"]

1. e4 c5 2. Nf3 Nc6 3. d4 cxd4 4. Nxd4 g6 5. Nc3 Bg7 6. Be3 Nf6 7. Nxc6 bxc6 8. e5 Ng8 9. f4 Nh6 10. Qf3 Rb8 11. 0-0-0 Qa5 12. Bc4 0-0 13. Bb3 d5 14. h3 Nf5 15. Bf2 e6 16. g4 Ne7 17. Qe3 a6 18. h4 Rd8 19. h5 Bb7 20. Qh3 c5 21. hxg6 hxg6 22. Qh7+ Kf8 23. Bh4 Ng8 24. f5 exf5 25. gxf5 c4 26. fxg6 cxb3 27. gxf7 Nh6 28. Rhg1 1-0

[Event "Maria Teresa Mora Memorial IM2"]
[Site "Havana"]
[Date "2010.03.06"]
[Round "2"]
[White "Lopez Rippel, Ricardo"]
[Black "Calvo Quinteiro, Jose Manuel"]
[Result "0-1"]
[WhiteElo "2205"]
[BlackElo "2160"]
[PlyCount "78"]
[EventDate "2010.03.05"]
[EventType "tourn"]
[EventRounds "13"]
[EventCountry "CUB"]
[SourceTitle "EXT 2019"]
[Source "ChessBase"]
[SourceDate "2018.10.10"]
[SourceVersion "1"]
[SourceVersionDate "2018.10.10"]
[SourceQuality "1"]

1. e4 e6 2. d3 d5 3. Nd2 Nf6 4. f4 dxe4 5. dxe4 Bc5 6. Qf3 Nc6 7. Nb3 Bxg1 8. Rxg1 e5 9. f5 Nd4 10. Qd3 0-0 11. Bg5 c5 12. 0-0-0 b6 13. Nd2 Qe7 14. c3 Nc6 15. Qg3 Rd8 16. Bc4 Kh8 17. h4 Bb7 18. Bd5 b5 19. Rge1 a5 20. Nf3 Re8 21. Rd2 a4 22. Red1 b4 23. c4 Nd4 24. Bxb7 Qxb7 25. Bxf6 gxf6 26. Qe1 Rg8 27. Qe3 Qa6 28. Qd3 Rad8 29. Kb1 Qc6 30. Re1 Nxf3 31. Qxd8 Nxe1 32. Qd5 Qxd5 33. Rxd5 Nxg2 34. Rxc5 Nxh4 35. Rb5 Nf3 36. Rxb4 h5 37. Rxa4 h4 38. Ra3 Rg3 39. Rd3 h3 0-1

[Event "Havana City-ch"]
[Site "Havana"]
[Date "2009.12.17"]
[Round "5"]
[White "Calvo Quinteiro, Jose Manuel"]
[Black "Silva Mazorra, Pedro Pablo"]
[Result "0-1"]
[WhiteElo "2160"]
[BlackElo "1983"]
[PlyCount "60"]
[EventDate "2009.12.13"]
[EventType "swiss"]
[EventRounds "9"]
[EventCountry "CUB"]
[SourceTitle "CBM 134 Extra"]
[Source "ChessBase"]
[SourceDate "2010.03.03"]
[SourceVersion "1"]
[SourceVersionDate "2010.03.03"]
[SourceQuality "1"]

1. e4 c5 2. Nf3 e6 3. d4 cxd4 4. Nxd4 a6 5. Bd3 Qc7 6. 0-0 Nf6 7. c4 Be7 8. Nc3 Nc6 9. Nxc6 bxc6 10. Qe2 d6 11. f4 e5 12. f5 0-0 13. g4 h6 14. h4 Nh7 15. Qf2 Qd8 16. h5 Ng5 17. Kh2 Bf6 18. Be3 Bb7 19. Rad1 c5 20. Bb1 Qe7 21. Rd2 Rfd8 22. Rfd1 Bc6 23. Qg2 Qb7 24. Rxd6 Rxd6 25. Rxd6 Be7 26. Rd1 Qb4 27. Nd5 Bxd5 28. cxd5 c4 29. Qc2 Rb8 30. Bc1 Nf3+ 0-1

[Event "Havana UCI op 8th"]
[Site "Havana"]
[Date "2009.11.13"]
[Round "9"]
[White "Calvo Quinteiro, Jose Manuel"]
[Black "Fuentes Garcia, Diosbel Enrique"]
[Result "1-0"]
[WhiteElo "2160"]
[BlackElo "2125"]
[PlyCount "47"]
[EventDate "2009.11.04"]
[EventType "swiss"]
[EventRounds "9"]
[EventCountry "CUB"]
[SourceTitle "EXT 2011"]
[Source "ChessBase"]
[SourceDate "2010.11.26"]
[SourceVersion "1"]
[SourceVersionDate "2010.11.26"]
[SourceQuality "1"]

1. e4 c6 2. d4 d5 3. Nc3 g6 4. Nf3 Bg7 5. Bf4 Bg4 6. exd5 cxd5 7. Bb5+ Nc6 8. h3 Bxf3 9. Qxf3 a6 10. Bxc6+ bxc6 11. 0-0-0 e6 12. Rhe1 Ne7 13. g4 Nc8 14. Qg3 Ra7 15. h4 h5 16. gxh5 Rxh5 17. Rxe6+ Kf8 18. Rxc6 Kg8 19. Be5 Bh6+ 20. Kb1 Kh7 21. Nxd5 Qxd5 22. Rxc8 Bg7 23. Bxg7 Kxg7 24. Rc5 1-0

[Event "Havana UCI op 8th"]
[Site "Havana"]
[Date "2009.11.11"]
[Round "7"]
[White "Calvo Quinteiro, Jose Manuel"]
[Black "Montero Fernandez, Reynier"]
[Result "0-1"]
[WhiteElo "2160"]
[BlackElo "2261"]
[PlyCount "56"]
[EventDate "2009.11.04"]
[EventType "swiss"]
[EventRounds "9"]
[EventCountry "CUB"]
[SourceTitle "EXT 2011"]
[Source "ChessBase"]
[SourceDate "2010.11.26"]
[SourceVersion "1"]
[SourceVersionDate "2010.11.26"]
[SourceQuality "1"]

1. e4 c5 2. Nf3 Nc6 3. d4 cxd4 4. Nxd4 Nf6 5. Nc3 d6 6. Bg5 e6 7. Qd2 Be7 8. 0-0-0 0-0 9. f3 d5 10. exd5 Nxd5 11. Nxc6 bxc6 12. Bxe7 Qxe7 13. Bd3 Rb8 14. Ne4 f5 15. Ng3 f4 16. Ne4 c5 17. Rde1 Bb7 18. Nc3 Ne3 19. Nd1 c4 20. Be4 Bxe4 21. fxe4 c3 22. Nxc3 Rfd8 23. Nd5 exd5 24. exd5 Qe5 25. c3 Rxd5 26. Qf2 Rdb5 27. Re2 Qxc3+ 28. bxc3 Rb1+ 0-1

[Event "Havana UCI op 8th"]
[Site "Havana"]
[Date "2009.11.10"]
[Round "6"]
[White "Calvo Quinteiro, Jose Manuel"]
[Black "Lemes Rosales, Lazaro"]
[Result "0-1"]
[WhiteElo "2160"]
[BlackElo "2179"]
[PlyCount "88"]
[EventDate "2009.11.04"]
[EventType "swiss"]
[EventRounds "9"]
[EventCountry "CUB"]
[SourceTitle "EXT 2011"]
[Source "ChessBase"]
[SourceDate "2010.11.26"]
[SourceVersion "1"]
[SourceVersionDate "2010.11.26"]
[SourceQuality "1"]

1. e4 e5 2. Nf3 Nc6 3. Bb5 a6 4. Ba4 Nf6 5. 0-0 Be7 6. Re1 b5 7. Bb3 d6 8. c3 0-0 9. h3 Na5 10. Bc2 c5 11. d4 Qc7 12. d5 Bd7 13. b3 Rfe8 14. Nbd2 h6 15. Nf1 Bf8 16. Be3 Nb7 17. Qd2 c4 18. b4 a5 19. a3 Ra6 20. Reb1 Rea8 21. Qc1 axb4 22. axb4 Nd8 23. Rxa6 Rxa6 24. Ra1 Qb7 25. Ng3 Qa8 26. Rxa6 Qxa6 27. Nh4 Ne8 28. Ngf5 Qa2 29. g4 Kh7 30. Kg2 f6 31. Bb1 Qa1 32. Nf3 Nf7 33. h4 g6 34. g5 h5 35. Ng3 Bg4 36. Nh2 Bd7 37. f4 exf4 38. e5 Qa8 39. Bxf4 dxe5 40. Qd1 f5 41. Nxh5 gxh5 42. Qxh5+ Kg7 43. Nf3 exf4 44. g6 Nf6 0-1

[Event "Havana UCI op 8th"]
[Site "Havana"]
[Date "2009.11.06"]
[Round "3"]
[White "Fernandez Guillen, Ernesto J"]
[Black "Calvo Quinteiro, Jose Manuel"]
[Result "1/2-1/2"]
[WhiteElo "2228"]
[BlackElo "2160"]
[PlyCount "61"]
[EventDate "2009.11.04"]
[EventType "swiss"]
[EventRounds "9"]
[EventCountry "CUB"]
[SourceTitle "EXT 2011"]
[Source "ChessBase"]
[SourceDate "2010.11.26"]
[SourceVersion "1"]
[SourceVersionDate "2010.11.26"]
[SourceQuality "1"]

1. d4 d5 2. Nf3 Nf6 3. e3 Bf5 4. Bb5+ c6 5. Bd3 Bxd3 6. Qxd3 Nbd7 7. 0-0 e6 8. Nbd2 Bd6 9. c4 0-0 10. b3 Qe7 11. Bb2 e5 12. dxe5 Nxe5 13. Nxe5 Bxe5 14. Bxe5 Qxe5 15. cxd5 Nxd5 16. Nc4 Qe7 17. Rad1 Rad8 18. Qc2 Nb6 19. Nxb6 axb6 20. h3 h6 21. Rxd8 Rxd8 22. Rd1 Rd6 23. Rxd6 Qxd6 24. Qf5 Qd1+ 25. Kh2 Qd6+ 26. g3 Qd2 27. Qc8+ Kh7 28. Qf5+ Kg8 29. Qc8+ Kh7 30. Qf5+ Kg8 31. Qc8+ 1/2-1/2

[Event "Havana Province-ch sf"]
[Site "Havana"]
[Date "2009.08.01"]
[Round "7"]
[White "Calvo Quinteiro, Jose Manuel"]
[Black "Cespedes Beltran, Manuel"]
[Result "1-0"]
[WhiteElo "2100"]
[BlackElo "2262"]
[PlyCount "55"]
[EventDate "2009.07.23"]
[EventType "swiss"]
[EventRounds "9"]
[EventCountry "CUB"]
[EventCategory "1"]
[SourceTitle "EXT 2018"]
[Source "ChessBase"]
[SourceDate "2017.10.13"]
[SourceVersion "1"]
[SourceVersionDate "2017.10.13"]
[SourceQuality "1"]

1. e4 c5 2. Nf3 Nc6 3. d4 cxd4 4. Nxd4 Nf6 5. Nc3 e6 6. Ndb5 Bb4 7. a3 Bxc3+ 8. Nxc3 d5 9. exd5 exd5 10. Bd3 0-0 11. 0-0 Bg4 12. f3 Bh5 13. Bg5 Qb6+ 14. Kh1 Ne4 15. Nxe4 dxe4 16. Bxe4 Qxb2 17. Rb1 Qxa3 18. Rxb7 Qa6 19. Rb1 Bg6 20. Bd5 Rac8 21. f4 Bf5 22. Qd2 Nd8 23. Rfc1 Qg6 24. Ra1 h6 25. Bh4 Nc6 26. c4 Be4 27. Ra3 Qd6 28. Bxf7+ 1-0

[Event "Havana Province-ch sf"]
[Site "Havana"]
[Date "2009.07.31"]
[Round "6"]
[White "Valido Bouza, Cesar Jose"]
[Black "Calvo Quinteiro, Jose Manuel"]
[Result "1/2-1/2"]
[WhiteElo "2252"]
[BlackElo "2100"]
[PlyCount "87"]
[EventDate "2009.07.23"]
[EventType "swiss"]
[EventRounds "9"]
[EventCountry "CUB"]
[EventCategory "1"]
[SourceTitle "EXT 2018"]
[Source "ChessBase"]
[SourceDate "2017.10.13"]
[SourceVersion "1"]
[SourceVersionDate "2017.10.13"]
[SourceQuality "1"]

1. d4 e6 2. Nf3 Nf6 3. e3 b6 4. Bd3 Bb7 5. 0-0 d5 6. c4 dxc4 7. Bxc4 a6 8. Qe2 Nbd7 9. Bb3 c5 10. Nc3 b5 11. a3 Be7 12. Rd1 Qc7 13. Bd2 0-0 14. Rac1 e5 15. dxc5 Nxc5 16. Nb1 e4 17. Ne1 Qe5 18. Bc3 Qg5 19. Bxf6 Qxf6 20. Bd5 Qb6 21. Nc3 Rfd8 22. b4 Na4 23. Nxa4 bxa4 24. Bxb7 Qxb7 25. Rxd8+ Rxd8 26. Qc2 Qb5 27. Qxe4 Bf6 28. Qc2 a5 29. bxa5 Qxa5 30. g3 g6 31. Nd3 Qd5 32. Nb4 Qb3 33. Nc6 Rd3 34. Nd4 Qxa3 35. Rb1 Bxd4 36. Rb8+ Kg7 37. exd4 Qa1+ 38. Kg2 Qxd4 39. Qc6 Rd2 40. Qf3 Rb2 41. Ra8 Rb6 42. Ra5 Rf6 43. Qe3 Qb4 44. Ra7 1/2-1/2